Možnosti materiálovej recyklácie fóliových typov biodegradovateľných polymérnych zmesí na báze biopolyesterov

Gespeichert in:
Bibliographische Detailangaben
1. Verfasser: Babejová, Lea (Verfasst von)
Weitere Verfasser: Plavec, Roderik (Betreuung Doktorarbeit)
Format: Manuskript Buch
Sprache:Slowakisch
Veröffentlicht: 2021
Schlagworte:
Online-Zugang:http://is.stuba.sk/zp/portal_zp.pl?podrobnosti=149000
Tags: Tag hinzufügen
Keine Tags, Fügen Sie das erste Tag hinzu!

MARC

LEADER 00000ntm a22000003a 4500
001 stuzp83964
003 SK-STU
005 20210626211223.4
007 ta
008 150427s2015----xo-----f-mn---000-0-slo-d
040 |a STU  |b slo 
041 0 |a slo 
100 1 |a Babejová, Lea  |u 049370  |4 aut  |U FCHPT Ústav prírodných a syntetických polymérov  |T FCHPT Oddelenie plastov, kaučuku a vlákien  |X 97471  |U C9370  |Y 128  |7 97471 
242 0 1 |a Possibilities of Material Recycling of Film Types of Biodegradable Polymer Blends Based on Biopolyesters  |y eng 
245 1 0 |a Možnosti materiálovej recyklácie fóliových typov biodegradovateľných polymérnych zmesí na báze biopolyesterov 
260 |c 2021 
650 4 |a viacnásobné spracovanie  |2 slo 
650 4 |a biodegradácia  |2 slo 
650 4 |a kyselina polymliečna (PLA)  |2 slo 
650 4 |a polyhydroxybutyrát (PHB)  |2 slo 
650 4 |a multiple processing  |2 eng 
650 4 |a biodegradation  |2 eng 
650 4 |a polylactic acid (PLA)  |2 eng 
650 4 |a polyhydroxybutyrate (PHB)  |2 eng 
700 1 |a Plavec, Roderik  |u 049370  |k Z2  |4 ths  |U FCHPT Ústav prírodných a syntetických polymérov  |T FCHPT Oddelenie plastov, kaučuku a vlákien  |X 26421  |U C9370  |Y 128  |7 A000026421 
856 4 |u http://is.stuba.sk/zp/portal_zp.pl?podrobnosti=149000